000 00770nam a2200253Ia 4500
003 OSt
005 20220930093806.0
006 a|||||r|||| 00| 0
007 ta
008 220926b |||||||| |||| 00| 0 per d
024 _a62595
037 _cTheses
040 _aCRL
_cCRL
_bper
041 _2per
_aper
100 _aKhan Mohammad Sadiq Au.
_9553328
110 _aUniversity of Delhi. Faculty of Arts. Department of Persian
_9520241
245 0 _aTasheeh masnavi hai Hakeem Aatishi
260 _c2018
300 _a840p.
_ap.
_ccm.
700 _a Kumar Rajinder Gu.
_9553329
700 _aUniversity of Delhi. Faculty of Arts. Department of Persian
_9520242
942 _cDIS
_2CC
999 _c886002
_d886002